Les pièces d'armures - Carte quiz - Statistiques

Statistiques générales
  • Ce quiz a été pris 48 fois
  • Le résultat moyen est 8 sur 14
Réponses sur la Carte
Les réponses sont colorées sur une échelle allant du rouge au vert en fonction du pourcentage des utilisateurs qui les ont devinées à leur premier essai. Vous pouvez retrouver ces pourcentages ci-dessous.
 
Statistiques - réponses
Réponse % Correct
Genouillière
92%
Cuissot
89%
Gantelet
84%
Plastron
84%
Canon de bras
76%
Heaume
76%
Canon d'avant-bras
73%
Gorgerin
65%
Cubitière
38%
Soleret
35%
Flancart
32%
Spallière
24%
Braconnière
19%
Grève
14%
Aucun quiz correspondant
Distribution des résultats
% des personnes avec chaque résultat
Percentile par nombre de réponses
Votre historique - résultats
Vous n’avez pas pris ce quiz